| 000 | 00601nam a2200169 i 4500 | ||
|---|---|---|---|
| 001 | 99534 | ||
| 003 | ES-MaACL | ||
| 005 | 20230906182519.0 | ||
| 007 | t| | ||
| 008 | 050912s1970 sp ||||1| spa d | ||
| 100 | 1 |
_aMartín Velasco, Juan. _977669 |
|
| 245 | 1 | 0 |
_aHacia una nueva filosofía de la religión cristiana _b: la obra de H. Dumery / _cJuan Martín Velasco. |
| 260 |
_aMadrid : _bInstituto Superior de Pastoral, _c1970. |
||
| 300 |
_a206 p. ; _c23 cm. |
||
| 710 | 2 |
_aUniversidad Pontificia de Salamanca. Instituto Superior de Pastoral (Madrid) _97452 |
|
| 852 |
_aES-MaACL _jC-38044 _bR.74197 |
||
| 999 |
_c99534 _d99534 |
||